书目信息 |
| 题名: |
诗歌卷
|
|
| 作者: | ;延安文艺丛书编委会 编 | |
| 分册: | ||
| 出版信息: | 长沙 湖南人民出版社 1984 |
|
| 页数: | 626页 | |
| 开本: | 21cm | |
| 丛书名: | 延安文艺丛书 | |
| 单 册: | ||
| 中图分类: | I217.1 , I216.1 | |
| 科图分类: | ||
| 主题词: | 散文--中国--现代--选集 , 文学--作品--中国--现代--选集 , 文学--作品集--中国 | |
| 电子资源: | ||
| ISBN: | ||
| 000 | 00852nam2 2200301 45 | |
| 001 | 0184014876 | |
| 005 | 20040419164000.7 | |
| 010 | @dCNY2.30 | |
| 091 | @a10109.1702 | |
| 100 | @a19950609d1984 em y0chiy0121 ea | |
| 101 | 0 | @achi |
| 102 | @aCN@b430000 | |
| 105 | @ac z 000cy | |
| 106 | @ar | |
| 200 | 10 | @a诗歌卷@AShi Ge Juan@f《延安文艺丛书》编委会编 |
| 210 | @a长沙@c湖南人民出版社@d1984 | |
| 215 | @a626页@c照片@d21cm | |
| 225 | 2 | @a延安文艺丛书@e第五卷 |
| 410 | 0 | @120010@a延安文艺丛书 |
| 606 | @a散文@y中国@z现代@x选集 | |
| 606 | @a文学@x作品@y中国@z现代@x选集 | |
| 606 | 0 | @a文学@x作品集@x中国 |
| 690 | @aI217.1@v3 | |
| 690 | @aI216.1@v3 | |
| 711 | 02 | @a延安文艺丛书编委会@Ayan an wen yi cong shu bian wei hui@4编 |
| 801 | 0 | @aCN@b上海图书馆@c20040419 |
| 801 | 2 | @aCN@bNLC@c20040419 |
| 905 | @f1@b172878@dI216.1@e212:5 | |
| 诗歌卷/《延安文艺丛书》编委会编.-长沙:湖南人民出版社,1984 |
| 626页:照片;21cm.-(延安文艺丛书:第五卷) |
| ISBN :CNY2.30 |
| ● |
| 相关链接 |
|
|
|
|
正题名:诗歌卷
索取号:I216.1/212:5
 
预约/预借
| 序号 | 登录号 | 条形码 | 馆藏地/架位号 | 状态 | 备注 |
| 1 | 0172878 | 000229265 | 第二借阅区/ [索取号:I216.1/212:5] | 在馆 | |
| 2 | 0172880 | 000229318 | 第一样本阅览室/ [索取号:I216.1/212:5] | 在馆 |